000 00435cam a22001577a 4500
008 180718b1961 xxu||||| |||| 00| 0 eng d
082 _aD464x43 P939
100 _aPrittie, Terence
245 _aGermany divided
_cby Terence Prittie
260 _aLondon
_bHutchinson
_c1961
300 _axi, 381p
650 _aGermany (East)
650 _aGermany (West)
650 _aNational socialism
650 _aNational characteristics, German
999 _c425341
_d425341